Đánh giá khả năng cung cấp dưỡng chất Đạm cho đất từ bùn đáy ao nuôi cá Tra : Luận văn Thạc sĩ Khoa học Nông nghiệp chuyên ngành: Khoa học Đất
Đề tài nghiên cứu các thành phần hữu cơ của bùn đáy ao nhằm có thể cung cấp thêm dưỡng chất cho đất trồng trọt.
Đã lưu trong:
| 主要作者: | |
|---|---|
| 格式: | 圖書 |
| 語言: | Undetermined |
| 出版: |
Cần Thơ
Đại học Cần Thơ
2011
|
| 主題: | |
| 標簽: |
添加標簽
沒有標簽, 成為第一個標記此記錄!
|
| Thư viện lưu trữ: | Trung tâm Học liệu Trường Đại học Cần Thơ |
|---|
| LEADER | 01120nam a2200229Ia 4500 | ||
|---|---|---|---|
| 001 | CTU_171653 | ||
| 008 | 210402s9999 xx 000 0 und d | ||
| 082 | |a 639.31 | ||
| 082 | |b N561 | ||
| 088 | |a 60620103 | ||
| 100 | |a Nguyễn, Hoàng Kim Nương | ||
| 245 | 0 | |a Đánh giá khả năng cung cấp dưỡng chất Đạm cho đất từ bùn đáy ao nuôi cá Tra : | |
| 245 | 0 | |b Luận văn Thạc sĩ Khoa học Nông nghiệp chuyên ngành: Khoa học Đất | |
| 245 | 0 | |c Nguyễn Hoàng Kim Nương ; Châu Minh Khôi (người hướng dẫn khoa học) | |
| 260 | |a Cần Thơ | ||
| 260 | |b Đại học Cần Thơ | ||
| 260 | |c 2011 | ||
| 520 | |a Đề tài nghiên cứu các thành phần hữu cơ của bùn đáy ao nhằm có thể cung cấp thêm dưỡng chất cho đất trồng trọt. | ||
| 650 | |a Freshwater fishes,Fishes,Cá nước ngọt,Cá | ||
| 650 | |x Feeding and feeds,Thức ăn | ||
| 904 | |i Hồ Thị Cẩm,Qhieu | ||
| 980 | |a Trung tâm Học liệu Trường Đại học Cần Thơ | ||